[Event "ESP-chT Rapid"]
[Site "Toledo"]
[Date "2022.09.25"]
[Round "6"]
[White "Fernandez Barrera, Victor"]
[Black "Calvo Gutierrez, Hector"]
[Result "1-0"]
[WhiteElo "2308"]
[BlackElo "1837"]
[PlyCount "113"]
[EventDate "2022.09.24"]
[EventType "team-swiss (rapid)"]
[EventRounds "9"]
[EventCountry "ESP"]
[SourceTitle "CBM 210 Extra"]
[Source "ChessBase"]
[SourceDate "2022.11.30"]
[SourceVersion "1"]
[SourceVersionDate "2022.11.30"]
[SourceQuality "1"]
[WhiteTeam "Excalibur"]
[BlackTeam "Reyes Centenario"]
[WhiteTeamCountry "ESP"]
[BlackTeamCountry "ESP"]

1. e4 c6 2. d4 d5 3. Nd2 dxe4 4. Nxe4 Nd7 5. Nf3 Ngf6 6. Ng3 e6 7. Bd3 c5 8. 0-0 cxd4 9. Nxd4 Be7 10. Qe2 0-0 11. Rd1 Qb6 12. c3 a6 13. a4 Nc5 14. Bc2 Rd8 15. b4 Ncd7 16. Be3 Qc7 17. Rac1 Nf8 18. Bb3 Ng6 19. b5 Nf4 20. Qf3 N4d5 21. Bd2 Bc5 22. Nh5 Qe5 23. Nxf6+ Qxf6 24. Bxd5 Rxd5 25. Qxf6 gxf6 26. Nb3 axb5 27. axb5 Bb6 28. c4 Rd3 29. Bc3 Rxd1+ 30. Rxd1 Ra3 31. Rb1 e5 32. Bb4 Ra2 33. c5 Be6 34. Nc1 Bxc5 35. Nxa2 Bxa2 36. Rb2 Bxb4 37. Rxa2 b6 38. g4 Kg7 39. Kg2 f5 40. h3 fxg4 41. hxg4 Kg6 42. Rc2 f6 43. Rc6 Ba5 44. Kg3 Kg5 45. f3 h6 46. Rc8 Kg6 47. Ra8 Bb4 48. Kf2 h5 49. gxh5+ Kxh5 50. Ke3 Kg5 51. Ke4 Bc3 52. Rg8+ Kh6 53. Kf5 Kh7 54. Rc8 Bd4 55. Rc7+ Kh6 56. Rc6 Kg7 57. Rxf6 1-0

[Event "Madrid-chT Honor 2122"]
[Site "Madrid"]
[Date "2022.03.12"]
[Round "13.5"]
[White "Hidalgo Duque, Carlos"]
[Black "Calvo Gutierrez, Hector"]
[Result "1-0"]
[WhiteElo "2243"]
[BlackElo "1832"]
[PlyCount "77"]
[EventDate "2021.11.27"]
[EventType "team-tourn"]
[EventRounds "14"]
[EventCountry "ESP"]
[SourceTitle "EXT 2024"]
[Source "ChessBase"]
[SourceDate "2023.10.10"]
[SourceVersion "1"]
[SourceVersionDate "2023.10.10"]
[SourceQuality "1"]
[WhiteTeam "Blanco y Negro"]
[BlackTeam "San Sebastian de los Reyes"]
[WhiteTeamCountry "ESP"]
[BlackTeamCountry "ESP"]

1. Nf3 Nf6 2. c4 e6 3. g3 d5 4. d4 Bb4+ 5. Bd2 Be7 6. Bg2 0-0 7. 0-0 b6 8. cxd5 exd5 9. Nc3 Re8 10. Rc1 Bb7 11. Bf4 c6 12. Ne5 Nbd7 13. e4 dxe4 14. Nxe4 Nxe5 15. dxe5 Nd5 16. Qf3 Nxf4 17. Qxf4 Qc7 18. Nd6 Bxd6 19. exd6 Qd7 20. Rfe1 c5 21. Bxb7 Qxb7 22. Rcd1 Qd7 23. h4 Rad8 24. h5 h6 25. Kh2 Re6 26. Rxe6 Qxe6 27. Rd3 Kf8 28. a4 a6 29. Qd2 Rd7 30. Rd5 Qe4 31. a5 bxa5 32. Rxc5 Qb7 33. Qc2 Rd8 34. Rc7 Qd5 35. Qh7 Qxh5+ 36. Kg2 Qd5+ 37. f3 f5 38. Qxg7+ Ke8 39. Qe7# 1-0

[Event "San Sebastian Constitucion op"]
[Site "San Sebastian de los Reyes"]
[Date "2021.12.05"]
[Round "2"]
[White "Olias Rincon, Raul"]
[Black "Calvo Gutierrez, Hector"]
[Result "0-1"]
[WhiteElo "1375"]
[BlackElo "1799"]
[PlyCount "98"]
[EventDate "2021.12.04"]
[EventType "swiss"]
[EventRounds "8"]
[EventCountry "ESP"]
[SourceTitle "CBM 206 Extra"]
[Source "ChessBase"]
[SourceDate "2022.03.31"]
[SourceVersion "1"]
[SourceVersionDate "2022.03.31"]
[SourceQuality "1"]

1. d4 d5 2. c4 e6 3. Nf3 c6 4. Nc3 f5 5. c5 Nf6 6. Bf4 a5 7. Na4 Nbd7 8. Ne5 Be7 9. e3 0-0 10. Be2 Qe8 11. a3 Bd8 12. 0-0 Nxe5 13. Bxe5 g5 14. Qb3 Nd7 15. Bd6 Rf6 16. Qd1 Be7 17. Bxe7 Qxe7 18. b4 Rh6 19. f4 g4 20. g3 axb4 21. axb4 Kg7 22. Nc3 Rxa1 23. Qxa1 Rf6 24. Qa5 Rf8 25. b5 cxb5 26. Qxb5 h5 27. Ra1 h4 28. Bf1 Nf6 29. Ne2 hxg3 30. Nxg3 Rh8 31. Ra2 Qc7 32. Ra7 Kg6 33. Ra2 Bd7 34. Qb6 Qxb6 35. cxb6 Rc8 36. Ra7 Bc6 37. Bd3 Nd7 38. Ne2 Nxb6 39. Ra1 Nc4 40. Bxc4 dxc4 41. Rb1 Rh8 42. Rb4 Rh3 43. Ng3 b5 44. Rb2 Kf6 45. Rb4 Rh8 46. Nf1 Ra8 47. Rb2 Ra1 48. Kf2 c3 49. Rb3 c2 0-1